Statistics for Capital Cities with no Capital City South of it

Click here to take the quiz!

General Stats

  • This quiz has been taken 82 times
  • The average score is 8 of 12

Answer Stats

CAPITAL CITY % Correct
Wellington
94%
Buenos Aires
94%
Santiago
93%
Canberra
88%
Antananarivo
71%
Maseru
71%
Montevideo
65%
Mbabane
56%
Jakarta
53%
Windhoek
51%
Port Louis
51%
Maputo
51%

Score Distribution

Percentile by Number Answered

Percent of People with Each Score

Your Score History

You have not taken this quiz